| 000 | 00932cam a22003134a 4500 | ||
|---|---|---|---|
| 001 | 14355616 | ||
| 005 | 20180122051716.0 | ||
| 008 | 060426s2007 paua 001 0 eng | ||
| 010 | _a 2006013871 | ||
| 016 | 7 |
_a101275302 _2DNLM |
|
| 020 | _a0781773156 | ||
| 020 | _a9780781773157 | ||
| 035 | _a(OCoLC)ocm67817201 | ||
| 035 | _a(OCoLC)67817201 | ||
| 040 |
_aDNLM/DLC _cDLC _dNLM _dBAKER _dC#P _dBTCTA _dYDXCP _dDLC |
||
| 041 | _aeng | ||
| 042 | _apcc | ||
| 060 | 0 | 0 | _a2006 M-100 |
| 060 | 1 | 0 |
_aWG 140 _bT365o 2007 |
| 080 | _a616.1207547 THAL | ||
| 082 | 0 | 0 |
_a616.1207547 THAL _222 |
| 100 | 1 | _a7 | |
| 101 | _aKAR | ||
| 245 | 1 | 4 |
_aThe only EKG book you'll ever need / _cMalcolm S. Thaler. |
| 246 | 3 | _aOnly EKG book you will ever need | |
| 906 |
_a7 _bcbc _corignew _d1 _eecip _f20 _gy-gencatlg |
||
| 942 |
_2ddc _cBK |
||
| 999 |
_c40651 _d40651 |
||